Normal view
MARC view
- C. J. Smith
Entry Personal Name
001 - CONTROL NUMBER
- control field: 103745
003 - CONTROL NUMBER IDENTIFIER
- control field: NUST
005 - DATE AND TIME OF LATEST TRANSACTION
- control field: 20221129091244.0
008 - FIXED-LENGTH DATA ELEMENTS
- fixed length control field: 221129|| aca||aabn | a|a d
040 ## - CATALOGING SOURCE
- Original cataloging agency: NUST
- Transcribing agency: NUST
100 ## - HEADING--PERSONAL NAME
- Personal name: C. J. Smith
670 ## - SOURCE DATA FOUND
- Source citation: Work cat.: (NUST)194218: C. J. Smith, intermediate physics (Part III) optics, 1957
